| 000 | 00623nam a2200193 4500 | ||
|---|---|---|---|
| 001 | 116333 | ||
| 003 | ES-MaACL | ||
| 005 | 20250820051417.0 | ||
| 007 | t| | ||
| 008 | 061121s1955 sp r ||||1| spa d | ||
| 100 | 1 |
_aPatsch, Joseph. _989601 |
|
| 245 | 1 | 0 |
_aMaría, la madre del Señor / _cJoseph Patsch ; versión y adaptación española por el P. Nicanor Fernández. |
| 260 |
_aMadrid : _bEl Perpetuo Socorro, _c1955. |
||
| 300 |
_a246 p., 8 lám., 1 map. ; _c20 cm. |
||
| 600 | 0 | 4 |
_aVirgen María _9115436 |
| 700 | 1 |
_aFernández, Nicanor. _949411 |
|
| 852 |
_aES-MaACL _jC-9698 |
||
| 999 |
_c116333 _d116333 |
||